<?xml version="1.0" encoding="UTF-8"?>
<record
    xmlns:xsi="http://www.w3.org/2001/XMLSchema-instance"
    xsi:schemaLocation="http://www.loc.gov/MARC21/slim http://www.loc.gov/standards/marcxml/schema/MARC21slim.xsd"
    xmlns="http://www.loc.gov/MARC21/slim">

  <leader>00664nam a22001937a 4500</leader>
  <controlfield tag="003">SEM</controlfield>
  <controlfield tag="005">20220608073301.0</controlfield>
  <controlfield tag="008">160524b      xxu||||| |||| 00| 0 germ d</controlfield>
  <datafield tag="020" ind1=" " ind2=" ">
    <subfield code="a">9783930341832</subfield>
  </datafield>
  <datafield tag="040" ind1=" " ind2=" ">
    <subfield code="a"> &#x54D;&#x537;&#x544;</subfield>
    <subfield code="c"> &#x54D;&#x537;&#x544;</subfield>
  </datafield>
  <datafield tag="041" ind1=" " ind2=" ">
    <subfield code="a">germ.</subfield>
  </datafield>
  <datafield tag="245" ind1=" " ind2=" ">
    <subfield code="a">Innenansichten unseres Parlaments.  </subfield>
    <subfield code="b">Der achtzehnte Deutsche Bundestag /</subfield>
    <subfield code="c">Deutscher Bundestag, Referat &#xD6;ffentlichkeitsarbeit /hrsgb./</subfield>
  </datafield>
  <datafield tag="260" ind1=" " ind2=" ">
    <subfield code="a">Berlin: </subfield>
    <subfield code="b">Deutscher Bundestag, </subfield>
    <subfield code="c">2014.</subfield>
  </datafield>
  <datafield tag="300" ind1=" " ind2=" ">
    <subfield code="a">317 S.; </subfield>
    <subfield code="b">col. ill.; </subfield>
    <subfield code="c">30 cm.</subfield>
  </datafield>
  <datafield tag="650" ind1=" " ind2=" ">
    <subfield code="a">German parliament</subfield>
    <subfield code="x">album</subfield>
  </datafield>
  <datafield tag="650" ind1=" " ind2=" ">
    <subfield code="a">Bundestag</subfield>
    <subfield code="x">album</subfield>
  </datafield>
  <datafield tag="710" ind1=" " ind2=" ">
    <subfield code="a">Deutscher Bundestag, Referat &#xD6;ffentlichkeitsarbeit</subfield>
    <subfield code="4">hrsgb.</subfield>
  </datafield>
  <datafield tag="942" ind1=" " ind2=" ">
    <subfield code="2">udc</subfield>
    <subfield code="c">BK</subfield>
  </datafield>
  <datafield tag="999" ind1=" " ind2=" ">
    <subfield code="c">64743</subfield>
    <subfield code="d">64743</subfield>
  </datafield>
  <datafield tag="952" ind1=" " ind2=" ">
    <subfield code="0">0</subfield>
    <subfield code="1">0</subfield>
    <subfield code="2">udc</subfield>
    <subfield code="4">0</subfield>
    <subfield code="7">0</subfield>
    <subfield code="8">&#x533;&#x580;&#x561;&#x57A;&#x561;&#x570;&#x578;&#x581;</subfield>
    <subfield code="a">SEM</subfield>
    <subfield code="b">SEM</subfield>
    <subfield code="d">2016-05-24</subfield>
    <subfield code="i">Germ-1198</subfield>
    <subfield code="l">0</subfield>
    <subfield code="o">725.11(43)(084.1)/I-64</subfield>
    <subfield code="p">Germ-1198</subfield>
    <subfield code="r">2016-05-24</subfield>
    <subfield code="w">2016-05-24</subfield>
    <subfield code="y">BK</subfield>
    <subfield code="z">&#x54D;&#x57A;&#x561;&#x57D;&#x561;&#x580;&#x56F;&#x57E;&#x578;&#x582;&#x574; &#x567; &#x568;&#x576;&#x569;&#x565;&#x580;&#x581;&#x561;&#x57D;&#x580;&#x561;&#x570;</subfield>
  </datafield>
</record>
